000 00389nam a2200169Ia 4500
005 20250425160835.0
008 250425s9999 xx 000 0 und d
041 _aeng
082 _a620.004
245 0 _aBASIC ENGINEERING CRAFT STUDIES; FABRICATION
250 _aS.E.
260 _aEstados Unidos
_bBUWO
_c1971
260 _aS.L.
300 _a107
942 _c01
010 _a6554
999 _c197241
_d197241